|
|
|
|
| LEADER |
00000nab a2200000 a 4500 |
| 001 |
vtls001020062 |
| 003 |
SK-MaSNL |
| 005 |
20260303035211.0 |
| 008 |
140301e19990706xo 0 slo |
| 035 |
|
|
|a SN5974
|
| 040 |
|
|
|a SNSK
|b slo
|c SNSK
|e AACR2
|
| 041 |
0 |
|
|a slo
|
| 044 |
|
|
|a xo
|c SK
|
| 080 |
|
|
|a 061.4
|2 1981
|
| 100 |
0 |
|
|a (AGS)
|4 aut
|9 840331
|
| 245 |
1 |
0 |
|a Trhy na Spiši
|
| 610 |
2 |
7 |
|a Spiš-Wiew-Trading (Spišská Nová Ves, Slovensko)
|2 SNSK
|9 1021308
|
| 651 |
|
7 |
|a Spišská Nová Ves (Slovensko)
|2 SNSK
|9 28800
|
| 710 |
2 |
|
|a Spišské výstavné trhy, Spišská Nová Ves
|4 aut
|9 1021312
|
| 773 |
0 |
8 |
|t Hospodárske noviny, č.128, 6.7.1999, s. 3
|
| 852 |
|
|
|a ZVYKNI
|b KIS3GCP
|
| 999 |
|
|
|c 1676431
|d 1678361
|